[Event "Minatitlan Dominguez Memorial"]
[Site "Minatitlan"]
[Date "2022.07.02"]
[Round "6"]
[White "Dominguez Sanchez, Felix"]
[Black "Amezcua Ventura, Carlos"]
[Result "1-0"]
[WhiteElo "1640"]
[BlackElo "1109"]
[PlyCount "89"]
[EventDate "2022.05.28"]
[EventType "swiss"]
[EventRounds "7"]
[EventCountry "MEX"]
[SourceTitle "EXT 2023"]
[Source "ChessBase"]
[SourceDate "2022.10.05"]
[SourceVersion "1"]
[SourceVersionDate "2022.10.05"]
[SourceQuality "1"]

1. e4 e5 2. Nf3 Nc6 3. Bb5 a6 4. Ba4 d6 5. 0-0 Nf6 6. Re1 Be7 7. h3 0-0 8. c3 Nd7 9. d3 Nc5 10. Bc2 f5 11. Nbd2 f4 12. d4 Ne6 13. d5 Ng5 14. Nxg5 Bxg5 15. dxc6 bxc6 16. Nf3 Bh6 17. Bb3+ Kh8 18. Qd3 Qf6 19. Nh2 Qg6 20. Qf3 Rf6 21. Ng4 Bxg4 22. Qxg4 Qe8 23. Qf3 Qe7 24. Bd2 Raf8 25. Rad1 Bg5 26. Bc1 Bh4 27. Rd3 Qe8 28. Bd1 Qg6 29. Qh5 Bxf2+ 30. Kxf2 Qxh5 31. Bxh5 g5 32. Bg4 Kg7 33. b3 h6 34. Ba3 Rh8 35. Bd7 c5 36. Red1 h5 37. c4 h4 38. b4 cxb4 39. Bxb4 Rhf8 40. Bg4 a5 41. Bxa5 Ra8 42. Bxc7 Rxa2+ 43. R1d2 Ra7 44. Bxd6 Re6 45. Bxe6 1-0